000
00200 a2200097 4500
020
_a
9780786849567
041
_a
eng
100
_a
Colfer, eoin
245
_a
Artemis fowl the lost colony
942
_c
BK
999
_c
11347
_d
11347